Game theory analysis of conflict

Salvato in:
Dettagli Bibliografici
Autore principale: Myerson, Roger B.
Natura: Libro
Lingua:inglese
Pubblicazione: Cambridge Harvard University Press 1997
Soggetti:
Tags: Aggiungi Tag
Nessun Tag, puoi essere il primo ad aggiungerne!!

MARC

LEADER 00000nam$a2200000$$$4500
001 0034455
005 20240111125637.6
020 |a 0-674-34116-3 
041 0 |a eng 
044 |a US 
245 1 0 |a Game theory  |b analysis of conflict  |c Roger B. Myerson 
264 1 |a Cambridge  |b Harvard University Press  |c 1997 
300 |a 568 s. 
610 2 0 |a teória hier 
610 2 0 |a rovnováha 
610 2 0 |a modely rovnováhy 
610 2 0 |a modely 
100 1 |a Myerson, Roger B.